[Event "Charlotte Fall-IM 2019"]
[Site "Charlotte"]
[Date "2019.12.01"]
[Round "7.1"]
[White "Tsay, Vincent"]
[Black "Francisco, Richard"]
[Result "1/2-1/2"]
[WhiteElo "2300"]
[BlackElo "2281"]
[Annotator "TA"]
[PlyCount "111"]
[EventDate "2019.11.28"]
[EventType "tourn"]
[EventCountry "USA"]
[SourceTitle "playchess.com"]
[Source "ChessBase"]
[SourceQuality "1"]

{[%evp 15,111,0,0,0,9,2,4,17,28,8,30,31,25,29,35,20,48,16,17,4,44,51,41,44,66,15,58,52,87,85,117,22,22,22,68,69,88,91,96,96,101,100,107,100,104,93,115,110,116,91,113,113,115,80,113,115,113,63,118,114,117,93,106,86,120,131,90,0,107,108,111,110,110,110,114,116,115,8,117,114,117,93,86,60,81,59,93,52,74,0,0,0,0,0,0,0,0,0]} 1. d4 Nf6 2. Nf3 e6 3. g3 b5 4. Bg2 d5 5. O-O Bb7 6. b3 Nbd7 7. c4 bxc4 8. bxc4 dxc4 9. Na3 {A46: 1 d4 Nf6 2 Nf3 e6: Torre, London and Colle Systems} c3 10. Nb5 Bb4 11. Qb3 a5 12. Nxc3 c5 13. a3 c4 14. Qb2 {[%mdl 64] [#] Pin} Bxc3 $1 15. Qxc3 Qc8 {[#]} 16. Bd2 $146 ({Predecessor:} 16. Bf4 O-O {0-1 (52) Huebner,R (2604)-Kramnik,V (2777) Brissago 2004}) 16... O-O 17. Rfc1 Nb6 18. Rab1 Ra6 19. Rb5 Be4 20. Ne1 (20. Bf1 $14) 20... Bxg2 21. Nxg2 Ne4 22. Qc2 Qa8 23. Bxa5 ({White should try} 23. Bf4 $16) 23... Rxa5 $11 24. Rxb6 Rc8 25. Rb4 $1 Rxa3 26. Rxc4 Rc3 27. Rxc3 Rxc3 28. Qb2 Rxc1+ 29. Qxc1 h6 30. Nf4 Qa2 31. f3 Nf6 {With the idea ...g5.} 32. Kf2 Qa4 33. Qc8+ Kh7 34. Qc3 Qa2 35. Qc7 Kg8 36. Nd3 {Ne5 is the strong threat.} Qd5 (36... Qa1 $14) 37. Qc5 Qb7 38. Ne5 Nd5 39. Qc6 Qa7 40. Qc8+ Kh7 41. Qc5 ({White should play} 41. Qc2+ $16 Kg8 42. Qb2) 41... Qb7 (41... Qa1 $1 $11) 42. Qc2+ $16 Kg8 43. h4 Qb4 44. Qc8+ Kh7 {[#]} 45. Qc4 $1 {[%cal Rc4b4]} ({Of course not} 45. Nxf7 $6 Qxd4+ 46. Kf1 (46. Kg2 Qd2 $11) 46... Qd1+ 47. Kf2 Qd4+ 48. Kg2 Qd2 $11) 45... Qb7 46. Qa4 (46. Qc2+ $16 Kg8 47. e4) 46... Nf6 (46... Qb1 $1 $11 {remains equal.}) 47. Qc2+ Kg8 48. g4 Nd5 49. Qa4 {Hoping for Qe8+.} Qe7 50. Kg3 g5 51. hxg5 hxg5 52. Qd7 ({Better is} 52. Kf2 $16) 52... Qf6 $1 $11 {The position is equal.} 53. Qc8+ Kg7 54. Nd7 Qxd4 55. Qf8+ Kg6 {( -> ...Qg1+)} 56. Qg8+ {Accuracy: White = 46%, Black = 43%.} 1/2-1/2

[Event "Charlotte Fall-IM 2019"]
[Site "Charlotte"]
[Date "2019.12.01"]
[Round "7.2"]
[White "Martin Del Campo C., Roberto"]
[Black "Zhou, Liran"]
[Result "0-1"]
[WhiteElo "2314"]
[BlackElo "2314"]
[Annotator "TA"]
[PlyCount "64"]
[EventDate "2019.11.28"]
[EventType "tourn"]
[EventCountry "USA"]
[SourceTitle "playchess.com"]
[Source "ChessBase"]
[SourceQuality "1"]

{[%evp 25,76,0,0,0,0,0,0,0,0,0,0,0,0,0,103,93,87,49,67,64,162,58,100,0,0,-2,-10,0,0,0,0,-61,0,-156,-134,-305,-305,-367,-108,-506,-434,-423,-395,-402,-332,-656,-623,-780,-774,-29996,-29997,-29997,-29998]} 1. e4 c5 2. Nf3 d6 3. d4 cxd4 4. Nxd4 Nf6 5. Nc3 a6 6. Bg5 e6 7. f4 Be7 8. Qf3 h6 9. Bh4 Nbd7 10. O-O-O Qc7 11. Bd3 g5 12. e5 gxh4 13. exf6 Nxf6 14. f5 {B99: Sicilian Najdorf: 6 Bg5 e6 7 f4 Be7 8 Qf3 Qc7 9 0-0-0 Nbd7} e5 15. Nde2 $1 Bd7 16. Be4 $1 {The position is equal.} Nxe4 17. Nxe4 Bc6 18. N2c3 Rc8 19. Qe2 {[#]} b5 $146 (19... Bxe4 $1 $11 {remains equal.} 20. Nxe4 Qc4 21. Qxc4 Rxc4 22. Nxd6+ Bxd6 23. Rxd6 Rg8) ({Predecessor:} 19... Rg8 20. Rhe1 Bxe4 21. Qxe4 Qc6 {0-1 (40) Grabarczyk,B (2380)-Kempinski,R (2533) Polanica Zdroj 1999}) 20. f6 {[%mdl 1024] White has strong compensation.} Bf8 21. a3 Rd8 22. Nd5 Qb7 (22... Bxd5 $1 $14 23. Rxd5 Qc4) 23. Nec3 (23. Nc5 $1 $18 {[%cal Rc5b7]} Qc8 24. Rhe1) 23... a5 {[#]} 24. b4 (24. Rd4 $1 $16) 24... axb4 25. axb4 Rg8 26. Rhe1 Rc8 27. Kb2 Rg5 28. Qe4 (28. h3 $11) 28... h5 ({Better is} 28... Kd8 $15) 29. Re2 $2 (29. h3 $11) 29... Rg4 $36 {[%mdl 2048] Keeping White busy.} 30. Qf5 $2 {[#]} (30. Qe3 $17) 30... Bd7 $1 $19 {[%cal Rd7f5]} 31. Qxh5 {If only White now had time for h3....} Rgc4 $2 (31... Be6 $19 {has better winning chances. Hoping for ...Qc6.} 32. Qh7 Qc6) 32. Qh7 $2 {[%mdl 8192]} (32. Re4 $17 {nothing else works.}) 32... Be6 {Played: Bd7-g4} 0-1

[Event "Charlotte Fall-IM 2019"]
[Site "Charlotte"]
[Date "2019.12.01"]
[Round "7.3"]
[White "Arribas Lopez, Angel"]
[Black "Shen, Christopher"]
[Result "1/2-1/2"]
[WhiteElo "2436"]
[BlackElo "2306"]
[Annotator "TA"]
[PlyCount "66"]
[EventDate "2019.11.28"]
[EventType "tourn"]
[EventCountry "USA"]
[SourceTitle "playchess.com"]
[Source "ChessBase"]
[SourceQuality "1"]

{[%evp 10,66,16,5,10,12,0,0,18,15,19,0,-8,-9,-15,-3,0,-17,11,19,16,11,13,12,29,40,30,35,61,27,25,35,28,35,23,29,34,8,36,40,41,25,33,31,67,68,68,45,68,32,39,12,16,0,0,0,0,0,0]} 1. e4 c5 2. Nc3 a6 3. g3 b5 4. Bg2 Bb7 5. d3 e6 6. Nh3 b4 {B23: Closed Sicilian: Lines without g3} 7. Ne2 d5 8. O-O (8. e5 Nc6 9. f4 Nh6 10. Nf2 Nf5 11. O-O Qb6 12. c3 Be7 13. g4 Nh4 14. Bh1 {0-1 (35) Yu,Y (2738)-Khismatullin,D (2639) Moscow 2017}) 8... dxe4 9. Ng5 Nf6 10. Nxe4 Nxe4 11. Bxe4 $146 ({Predecessor:} 11. dxe4 Nd7 12. c3 Nf6 13. Qc2 Be7 {0-1 (36) Busnel,L (1884)-Julien,J (2072) Angers 2018}) 11... Bxe4 12. dxe4 Nc6 (12... Qc8 {seems wilder.} 13. c3 a5 14. Qa4+ Nc6 15. a3 bxa3 16. bxa3 Be7) 13. c3 Qxd1 (13... Qa5 {feels hotter.} 14. cxb4 Qxb4 15. Be3 Be7 16. Rc1 Ne5) 14. Rxd1 Be7 15. Be3 O-O 16. Rac1 {Threatening cxb4.} Rfc8 17. cxb4 cxb4 18. f4 h6 19. b3 a5 20. Rc4 Nd8 21. Rdc1 Rxc4 22. Rxc4 Kf8 23. Bc5 Ke8 24. Bxe7 Kxe7 $14 {[%mdl 4096] Endgame KRN-KRN} 25. e5 Kd7 26. Nd4 Rc8 27. Rxc8 Kxc8 {KN-KN} 28. Kf2 Kc7 29. Ke3 Kb6 30. Ke4 Nc6 {The position is equal.} 31. Nxc6 Kxc6 32. Kd4 Kb5 33. Kd3 Kc5 {Accuracy: White = 52%, Black = 63%.} 1/2-1/2

[Event "Charlotte Fall-IM 2019"]
[Site "Charlotte"]
[Date "2019.12.01"]
[Round "7.4"]
[White "Jacobson, Aaron"]
[Black "Gauri, Shankar"]
[Result "1/2-1/2"]
[WhiteElo "2301"]
[BlackElo "2340"]
[Annotator "TA"]
[PlyCount "77"]
[EventDate "2019.11.28"]
[EventType "tourn"]
[EventCountry "USA"]
[SourceTitle "playchess.com"]
[Source "ChessBase"]
[SourceQuality "1"]

{[%evp 17,77,6,24,0,41,0,0,0,29,38,54,21,23,32,23,35,19,0,12,0,12,20,25,34,28,29,37,32,45,35,39,39,42,37,25,8,12,14,15,0,0,0,0,0,0,-23,20,28,27,43,60,61,62,27,16,18,18,0,6,0,23,0]} 1. d4 Nf6 2. c4 e6 3. Nf3 b6 4. a3 Bb7 5. Nc3 Ne4 6. Nxe4 Bxe4 7. Nd2 Bb7 8. e4 Qf6 9. d5 Bc5 {[%csl Gc5][%cal Rf6f2]} 10. Nf3 {E12: Queen's Indian: Unusual White 4th moves, 4 a3, 4 Nc3 Bb7 5 a3 and 4 Nc3 Bb7} Qg6 11. Bd3 (11. b4 $5 {[%cal Rb4c5]} Qxe4+ 12. Be2 $11) 11... Qxg2 {[%csl Gc5][%cal Rg2f2][%mdl 64] [#] Double Attack} 12. Rf1 {The position is equal.} a5 13. Qe2 $1 Na6 {[#]} 14. Rg1 $146 {[%mdl 1024] White has compensation.} ({Predecessor:} 14. h4 O-O-O 15. Rg1 Qh3 16. Bd2 f6 17. O-O-O Bd6 18. Rh1 Qg4 19. h5 Nc5 20. Rdg1 Nb3+ 21. Kd1 {1-0 (21) Krasenkow,M (2663)-Landenbergue,C (2404) Saint Vincent 2005}) 14... Qh3 15. Rg3 Qh5 16. Rg5 Qh3 $1 17. Rg3 Qh5 18. Rg5 Qh3 $1 19. Rxg7 O-O-O 20. Bf4 Rhg8 21. Rg3 Qh5 22. O-O-O f6 23. Rdg1 Rg6 24. Qf1 Rdg8 {[#] Strongly threatening ...Qxf3!} 25. Be2 Rxg3 26. Rxg3 Qf7 27. Bd3 Bf8 28. Qg2 Rxg3 29. fxg3 ({Don't play} 29. Bxg3 Nc5 $17) 29... Nc5 30. Bc2 a4 31. Be3 Ba6 32. Nd2 Kb8 33. Qf3 Qg7 34. Bd4 Be7 35. h4 Qh6 36. Be3 Qg7 37. Bd4 Qh6 38. Be3 Qg7 39. Bd4 {Accuracy: White = 49%, Black = 68%.} 1/2-1/2

[Event "Charlotte Fall-IM 2019"]
[Site "Charlotte"]
[Date "2019.12.01"]
[Round "7.5"]
[White "Drozdowski, Kacper"]
[Black "Furfine, Jacob"]
[Result "1-0"]
[WhiteElo "2467"]
[BlackElo "2302"]
[Annotator "TA"]
[PlyCount "71"]
[EventDate "2019.11.28"]
[EventType "tourn"]
[EventCountry "USA"]
[SourceTitle "playchess.com"]
[Source "ChessBase"]
[SourceQuality "1"]

{[%evp 10,71,41,33,25,25,32,32,18,9,16,24,27,8,20,11,27,0,14,-21,4,9,57,27,129,54,108,69,138,138,211,208,230,195,185,95,233,222,241,243,214,200,200,139,189,165,348,350,501,310,512,442,471,385,700,685,666,644,732,741,946,929,1091,962]} 1. e4 c5 2. Nf3 Nc6 3. Nc3 e5 4. Bc4 d6 5. d3 h6 6. O-O Nf6 {B30: Sicilian: 2...Nc6 3 Bb5, lines without ...g6} 7. Nd5 Be7 8. c3 O-O {White is slightly better.} 9. a4 Nxd5 10. Bxd5 Kh8 $146 ({Predecessor:} 10... Bg4 11. h3 Bh5 12. g4 Bg6 13. Be3 Qd7 14. Nd2 {½-½ (54) Nevednichy,V (2575)-Horvath,P (2457) Senden 2003}) 11. d4 exd4 12. cxd4 Nb4 13. Bb3 Bg4 14. Be3 Nc6 15. dxc5 f5 16. exf5 Rxf5 {[#]} (16... dxc5 $11 {remains equal.} 17. Bd5 Qc7) 17. Bd5 ({Better is} 17. Qc2 $1 $16) 17... Ne5 (17... dxc5 $14 18. Be4 Rf6) 18. Be4 $36 {[%mdl 2048] White fights for an advantage.} Rf8 (18... Rf6 $1 $14) 19. Qd5 $16 {Hoping for cxd6.} Bxf3 (19... Nc6 $16 20. cxd6 Qxd6 21. Qxd6 Bxd6) 20. gxf3 $18 Bg5 21. Qxd6 Nxf3+ 22. Kg2 ({White should try} 22. Kh1 $18 {And now Qg6 would win.} Qb8 23. a5) 22... Nd2 (22... Nh4+ $16 23. Kh1 Qe8) 23. Bxd2 ({Weaker is} 23. Bxb7 Nxf1 24. Rxf1 Bxe3 $17) 23... Qxd6 24. cxd6 Bxd2 25. Rfd1 ({Not} 25. Bxb7 Rad8 $14) 25... Bg5 26. a5 Rab8 27. Ra3 Rfd8 $2 {[#]} (27... Rbe8) 28. d7 Bf4 (28... g6 $142 29. Rad3 Bf6) 29. Rb3 Bc7 $2 (29... g5 30. Rc3 Kg7) 30. Rb5 Kg8 31. Bxb7 Kf7 $2 (31... a6) 32. a6 {White is clearly winning.} Ke7 33. Rbd5 Rf8 34. Re1+ Kf7 35. Rf5+ Kg8 36. Bd5+ {Accuracy: White = 45%, Black = 18%.} 1-0

[Event "Charlotte Fall-IM 2019"]
[Site "Charlotte"]
[Date "2019.12.01"]
[Round "8.1"]
[White "Francisco, Richard"]
[Black "Drozdowski, Kacper"]
[Result "0-1"]
[WhiteElo "2281"]
[BlackElo "2467"]
[Annotator "ChessBase"]
[PlyCount "67"]
[EventDate "2019.11.28"]
[EventType "tourn"]
[EventCountry "USA"]
[SourceTitle "playchess.com"]
[Source "ChessBase"]
[SourceQuality "1"]
[TimeControl "5400+30"]

1. Nf3 {[%emt 1:30:30]} e6 {[%emt 1:30:30]} 2. d4 {[%emt 0:00:30]} d5 {[%emt 0:00:30]} 3. c4 {[%emt 0:00:30]} c6 {[%emt 0:00:30]} 4. Qc2 {[%emt 0:00:30]} dxc4 {[%emt 0:00:30]} 5. Qxc4 {[%emt 0:00:30]} b5 {[%emt 0:00:30]} 6. Qc2 {[%emt 0:00:30]} Bb7 {[%emt 0:00:30]} 7. g3 {[%emt 0:00:30]} Nd7 {[%emt 0:00:30]} 8. a3 {[%emt 0:00:30]} c5 {[%emt 0:00:30]} 9. dxc5 {[%emt 0:00:30]} Bxc5 {[%emt 0:00:30]} 10. Bg2 {[%emt 0:00:30]} Rc8 11. Nc3 {[%emt 0:00:30]} Ngf6 {[%emt 0:01:00]} 12. O-O {[%emt 0:00:30]} O-O {[%emt 0:00:30]} 13. b4 {[%emt 0:00:30]} Bxf3 {[%emt 0:00:30]} 14. Bxf3 {[%emt 0:00:30]} Bd4 {[%emt 0:00:30]} 15. Bb2 {[%emt 0:00:30]} Ne5 {[%emt 0:00:30]} 16. Rac1 {[%emt 0:00:30]} Qb6 {[%emt 0:00:30]} 17. Bg2 {[%emt 0:00:30]} Bxf2+ {[%emt 0:00:30]} 18. Rxf2 {[%emt 0:00:30]} Nfg4 {[%emt 0:00:30]} 19. e3 {[%emt 0:00:30]} Qxe3 {[%emt 0:00:30]} 20. Bf1 {[%emt 0:00:30]} Rfd8 {[%emt 0:00:30]} 21. Kg2 {[%emt 0:00:30]} Nxf2 {[%emt 0:00:30]} 22. Qxf2 {[%emt 0:00:30]} Rd2 {[%emt 0:00:30]} 23. Ne2 {[%emt 0:00:30]} Qe4+ {[%emt 0:00:30]} 24. Kg1 {[%emt 0:00:30]} Rxc1 {[%emt 0:00:30]} 25. Bxc1 {[%emt 0:00:30]} Rd1 {[%emt 0:00:30]} 26. Qxa7 {[%emt 0:00:30]} h5 {[%emt 0:00:30]} 27. Qe3 {[%emt 0:00:30]} Qc6 {[%emt 0:00:30]} 28. Qc5 {[%emt 0:00:30]} Qb7 {[%emt 0:00:30]} 29. Qc2 {[%emt 0:00:30]} Qd5 {[%emt 0:00:30]} 30. h3 {[%emt 0:00:30]} Nf3+ {[%emt 0:00:30]} 31. Kf2 {[%emt 0:00:30]} Ne1 {[%emt 0:00:30]} 32. Qc8+ {[%emt 0:00:30]} Kh7 {[%emt 0:00:30]} 33. Kg1 {[%emt 0:00:30]} Qf3 {[%emt 0:00:30]} 34. Nf4 {[%emt 0:00:30]} 0-1

[Event "Charlotte Fall-IM 2019"]
[Site "Charlotte"]
[Date "2019.12.01"]
[Round "8.2"]
[White "Gauri, Shankar"]
[Black "Furfine, Jacob"]
[Result "1/2-1/2"]
[WhiteElo "2340"]
[BlackElo "2302"]
[Annotator "NA"]
[PlyCount "29"]
[EventDate "2019.11.28"]
[EventType "tourn"]
[EventCountry "USA"]
[SourceTitle "playchess.com"]
[Source "ChessBase"]
[SourceQuality "1"]
[TimeControl "5400+30"]

1. d4 {[%emt 1:30:30]} Nf6 {[%emt 1:30:30]} 2. c4 {[%emt 0:00:30]} c5 {[%emt 0:00:30]} 3. Nf3 {[%emt 0:00:30]} g6 {[%emt 0:00:30]} 4. Nc3 {[%emt 0:00:30]} cxd4 {[%emt 0:00:30]} 5. Nxd4 {[%emt 0:00:30]} b6 {[%emt 0:00:30]} 6. e4 {[%emt 0:00:30]} Bb7 {[%emt 0:00:30]} 7. e5 {[%emt 0:00:30]} Ne4 {[%emt 0:00:30]} 8. Nd5 {[%emt 0:00:30]} e6 {[%emt 0:00:30]} 9. Nc3 {[%emt 0:00:30]} Nxc3 {[%emt 0:00:30]} 10. bxc3 {[%emt 0:00:30]} Nc6 {[%emt 0:00:30]} 11. Bf4 {[%emt 0:00:30]} Nxd4 {[%emt 0:00:30]} 12. cxd4 {[%emt 0:00:30]} Bb4+ {[%emt 0:00:30]} 13. Bd2 {[%emt 0:00:30]} Bxd2+ {[%emt 0:00:30]} 14. Qxd2 {[%emt 0:00:30]} O-O {[%emt 0:00:30]} 15. h4 {[%emt 0:00:30]} 1/2-1/2

[Event "Charlotte Fall-IM 2019"]
[Site "Charlotte"]
[Date "2019.12.01"]
[Round "8.3"]
[White "Shen, Christopher"]
[Black "Tsay, Vincent"]
[Result "1-0"]
[WhiteElo "2306"]
[BlackElo "2300"]
[Annotator "NA"]
[PlyCount "165"]
[EventDate "2019.11.28"]
[EventType "tourn"]
[EventCountry "USA"]
[SourceTitle "playchess.com"]
[Source "ChessBase"]
[SourceQuality "1"]
[TimeControl "5400+30"]

1. d4 {[%emt 1:30:30]} d5 2. c4 e6 3. Nc3 c6 4. e3 Nf6 5. Nf3 Nbd7 6. Qc2 {[%emt 0:02:30]} Bd6 {[%emt 1:33:00]} 7. g4 {[%emt 0:00:30]} Nxg4 {[%emt 0:00:30]} 8. Rg1 {[%emt 0:00:30]} Qf6 {[%emt 0:00:30]} 9. Rxg4 {[%emt 0:00:30]} Qxf3 {[%emt 0:00:30]} 10. Rxg7 {[%emt 0:00:30]} Nf6 {[%emt 0:00:30]} 11. Rg5 {[%emt 0:00:30]} Ng4 {[%emt 0:00:30]} 12. h3 {[%emt 0:00:30]} Nh2 {[%emt 0:00:30]} 13. Bg2 {[%emt 0:00:30]} Qf6 {[%emt 0:00:30]} 14. f4 {[%emt 0:00:30]} Qh6 {[%emt 0:00:30]} 15. Qf2 {[%emt 0:00:30]} Bd7 {[%emt 0:00:30]} 16. Bd2 {[%emt 0:00:30]} Be7 $18 {[%emt 0:00:30]} 17. Qg3 {[%emt 0:00:30]} O-O-O {[%emt 0:00:30]} 18. Qxh2 {[%emt 0:00:30]} Bxg5 {[%emt 0:00:30]} 19. fxg5 {[%emt 0:00:30]} Qh4+ {[%emt 0:00:30]} 20. Ke2 {[%emt 0:00:30]} Qxg5 {[%emt 0:00:30]} 21. Rc1 {[%emt 0:00:30]} Rhg8 {[%emt 0:00:30]} 22. Bf3 {[%emt 0:00:30]} Be8 {[%emt 0:00:30]} 23. cxd5 {[%emt 0:00:30]} exd5 {[%emt 0:00:30]} 24. Nb5 {[%emt 0:00:30]} Qg3 {[%emt 0:00:30]} 25. Qxg3 {[%emt 0:00:30]} Rxg3 {[%emt 0:00:30]} 26. Nc3 {[%emt 0:00:30]} Bd7 {[%emt 0:00:30]} 27. Nxd5 {[%emt 0:00:30]} Bxh3 {[%emt 0:00:30]} 28. Nf4 {[%emt 0:00:30]} Bg4 {[%emt 0:00:30]} 29. Bxg4+ {[%emt 0:00:30]} Rxg4 {[%emt 0:00:30]} 30. Rh1 {[%emt 0:00:30]} Rg7 {[%emt 0:00:30]} 31. Bc3 {[%emt 0:00:30]} Re8 {[%emt 0:00:30]} 32. d5 {[%emt 0:00:30]} Rg3 {[%emt 0:00:30]} 33. Bd4 {[%emt 0:00:30]} cxd5 {[%emt 0:00:30]} 34. Rxh7 {[%emt 0:00:30]} Rg4 {[%emt 0:00:30]} 35. Rxf7 {[%emt 0:00:30]} Kb8 {[%emt 0:00:30]} 36. Kd3 {[%emt 0:00:30]} Rg5 {[%emt 0:00:30]} 37. Rd7 {[%emt 0:00:30]} Kc8 {[%emt 0:00:30]} 38. Rxd5 {[%emt 0:00:30]} Rxd5 {[%emt 0:00:30]} 39. Nxd5 {[%emt 0:00:30]} b6 {[%emt 0:00:30]} 40. e4 {[%emt 0:00:30]} Kb7 {[%emt 0:00:30]} 41. e5 {[%emt 0:00:30]} Kc6 {[%emt 0:00:30]} 42. Nf6 {[%emt 0:00:30]} Rh8 {[%emt 0:00:30]} 43. Bc3 {[%emt 0:00:30]} Rh4 {[%emt 0:00:30]} 44. a3 {[%emt 0:00:30]} a5 {[%emt 0:00:30]} 45. Ne4 {[%emt 0:00:30]} Kd5 {[%emt 0:00:30]} 46. Nd6 {[%emt 0:00:30]} Rh3+ {[%emt 0:00:30]} 47. Kd2 {[%emt 0:00:30]} Rg3 {[%emt 0:00:30]} 48. Nf5 {[%emt 0:00:30]} Rh3 {[%emt 0:00:30]} 49. Ne7+ {[%emt 0:00:30]} Ke6 {[%emt 0:00:30]} 50. Nc8 {[%emt 0:00:30]} b5 {[%emt 0:00:30]} 51. Bxa5 {[%emt 0:00:30]} Kxe5 {[%emt 0:00:30]} 52. Na7 {[%emt 0:00:30]} Kd5 {[%emt 0:00:30]} 53. Nxb5 {[%emt 0:00:30]} Kc4 {[%emt 0:00:30]} 54. Nd6+ {[%emt 0:00:30]} Kb3 {[%emt 0:00:30]} 55. Bc3 {[%emt 0:00:30]} Rh7 {[%emt 0:00:30]} 56. Ne4 {[%emt 0:00:30]} Rh3 {[%emt 0:00:30]} 57. Nc5+ {[%emt 0:00:30]} Kc4 {[%emt 0:00:30]} 58. Bb4 {[%emt 0:00:30]} Rh2+ {[%emt 0:00:30]} 59. Kc1 {[%emt 0:00:30]} Rh1+ {[%emt 0:00:30]} 60. Kc2 {[%emt 0:00:30]} Rh2+ {[%emt 0:00:30]} 61. Kb1 {[%emt 0:00:30]} Rh1+ {[%emt 0:00:30]} 62. Ka2 {[%emt 0:00:30]} Rh2 {[%emt 0:00:30]} 63. Ne4 {[%emt 0:00:30]} Rh3 {[%emt 0:00:30]} 64. Nd2+ {[%emt 0:00:30]} Kb5 {[%emt 0:00:30]} 65. Bc3 {[%emt 0:00:30]} Ka4 {[%emt 0:00:30]} 66. b3+ {[%emt 0:00:30]} Kb5 {[%emt 0:00:30]} 67. a4+ {[%emt 0:00:30]} Ka6 {[%emt 0:00:30]} 68. Kb2 {[%emt 0:00:30]} Rg3 {[%emt 0:00:30]} 69. b4 {[%emt 0:00:30]} Rg4 {[%emt 0:00:30]} 70. Kb3 {[%emt 0:00:30]} Rg3 {[%emt 0:00:30]} 71. Kc4 {[%emt 0:00:30]} Rg8 {[%emt 0:00:30]} 72. b5+ {[%emt 0:00:30]} Kb7 {[%emt 0:00:30]} 73. Nb3 {[%emt 0:00:30]} Rg4+ {[%emt 0:00:30]} 74. Bd4 {[%emt 0:00:30]} Rg2 {[%emt 0:00:30]} 75. a5 {[%emt 0:00:30]} Ka8 {[%emt 0:00:30]} 76. b6 {[%emt 0:00:30]} Ra2 {[%emt 0:00:30]} 77. Kb5 {[%emt 0:00:30]} Re2 {[%emt 0:00:30]} 78. a6 {[%emt 0:00:30]} Re4 {[%emt 0:00:30]} 79. Bc5 {[%emt 0:00:30]} Re6 {[%emt 0:00:30]} 80. Nd4 {[%emt 0:00:30]} Rh6 {[%emt 0:00:30]} 81. Nc6 {[%emt 0:00:30]} Rh7 {[%emt 0:00:30]} 82. Na5 {[%emt 0:00:30]} Ra7 {[%emt 0:00:30]} 83. b7+ {[%emt 0:00:30]} 1-0

[Event "Charlotte Fall-IM 2019"]
[Site "Charlotte"]
[Date "2019.12.01"]
[Round "8.4"]
[White "Zhou, Liran"]
[Black "Arribas Lopez, Angel"]
[Result "0-1"]
[WhiteElo "2314"]
[BlackElo "2436"]
[Annotator "TA"]
[PlyCount "88"]
[EventDate "2019.11.28"]
[EventType "tourn"]
[EventCountry "USA"]
[SourceTitle "playchess.com"]
[Source "ChessBase"]
[SourceQuality "1"]

{[%evp 9,88,41,37,45,43,29,61,50,64,47,69,73,74,64,70,29,33,-13,-2,-21,37,4,72,72,60,20,18,26,37,36,40,0,37,27,52,-19,-29,-67,52,0,37,59,89,29,35,0,0,0,0,0,0,-7,-11,-29,0,0,0,-21,0,0,0,-11,0,0,0,-56,-54,-76,-67,-595,-575,-673,-634,-1066,-1018,-1570,-1584,-5710,-5281,-29996,-29997]} 1. e4 g6 2. d4 Bg7 3. Nc3 d6 4. g3 b6 5. Bg2 Bb7 6. Nge2 {B06: Modern Defence} e6 7. Be3 Nd7 8. Qd2 {White is slightly better.} a6 9. a4 h6 10. O-O Ne7 11. h3 Rb8 12. g4 $146 ({Predecessor:} 12. Rad1 d5 13. exd5 Nxd5 14. Nxd5 Bxd5 15. Bxd5 exd5 {1-0 (34) Arutinian,D (2584)-Rhein,K (2164) Palma de Mallorca 2008}) 12... h5 13. Ng3 hxg4 14. hxg4 Nc6 (14... c5 $11) 15. f3 e5 {[#]} (15... Qh4 16. Kf2 $16) (15... Nb4 $11) 16. d5 $1 $16 {[%cal Rd5c6]} Nd4 17. Nce2 {[%cal Re2d4]} Nxe2+ ({But not} 17... Qh4 18. Bxd4 exd4 19. Kf2 $16) 18. Qxe2 Bh6 19. Bxh6 Rxh6 20. Qe3 (20. Qd2 $5 {[%cal Rd2h6]} Rh8 21. Kf2 $14) 20... Rh8 21. Kf2 a5 22. g5 (22. Rh1 $14 Qf6 23. Rxh8+ Qxh8 24. Rh1) 22... c6 $11 23. Rh1 Rf8 (23... Rxh1 $15 24. Rxh1 Qc7) 24. Rad1 (24. Bf1 $14) 24... Nc5 25. b3 Kd7 26. Rh7 ({White should try} 26. dxc6+ $16 Bxc6 27. Bf1) 26... Qe7 27. c4 Rh8 28. Rdh1 Rxh7 29. Rxh7 Kc7 30. Ne2 Rf8 31. Bh3 Kb8 32. Bg4 Qd8 33. Kg3 f5 34. gxf6 $1 Qxf6 35. Kg2 Rh8 36. Rxh8+ Qxh8 37. Qc3 (37. dxc6 $11 Bxc6 38. Qd2) 37... Qh6 $1 $15 38. Ng3 Kc7 39. b4 $2 {[%mdl 8192]} (39. Nh1 $15) 39... axb4 $19 {[%mdl 64] [#] Overworked Piece} 40. Qxb4 Nd3 41. Qb1 Qd2+ 42. Kh1 Ne1 {[%csl Ge1][%cal Rd2g2]} 43. Bh3 Nxf3 {[%csl Gf3][%cal Rd2h2]} 44. Nf1 Qf2 {Accuracy: White = 28%, Black = 50%.} 0-1